<?xml version="1.0" encoding="UTF-8"?>
<record
    xmlns:xsi="http://www.w3.org/2001/XMLSchema-instance"
    xsi:schemaLocation="http://www.loc.gov/MARC21/slim http://www.loc.gov/standards/marcxml/schema/MARC21slim.xsd"
    xmlns="http://www.loc.gov/MARC21/slim">

  <leader>04027cam a22005294a 4500</leader>
  <controlfield tag="003">OSt</controlfield>
  <controlfield tag="005">20180829180920.0</controlfield>
  <controlfield tag="008">090210s2009    waua     b    001 0 eng  </controlfield>
  <datafield tag="020" ind1=" " ind2=" ">
    <subfield code="a">9780470563533</subfield>
  </datafield>
  <datafield tag="020" ind1=" " ind2=" ">
    <subfield code="a">9780819475336</subfield>
  </datafield>
  <datafield tag="040" ind1=" " ind2=" ">
    <subfield code="a">DNLM/DLC</subfield>
    <subfield code="c">DLC</subfield>
    <subfield code="d">YDX</subfield>
    <subfield code="d">NLM</subfield>
    <subfield code="d">BTCTA</subfield>
    <subfield code="d">YDXCP</subfield>
    <subfield code="d">CDX</subfield>
    <subfield code="d">J2I</subfield>
    <subfield code="d">DLC</subfield>
    <subfield code="b">eng</subfield>
  </datafield>
  <datafield tag="042" ind1=" " ind2=" ">
    <subfield code="a">pcc</subfield>
  </datafield>
  <datafield tag="050" ind1="0" ind2="0">
    <subfield code="a">RC78.7.T6</subfield>
    <subfield code="b">H757 2009</subfield>
  </datafield>
  <datafield tag="060" ind1="0" ind2="0">
    <subfield code="a">2010 A-185</subfield>
  </datafield>
  <datafield tag="060" ind1="1" ind2="0">
    <subfield code="a">WN 206</subfield>
    <subfield code="b">H873c 2009</subfield>
  </datafield>
  <datafield tag="082" ind1="0" ind2="0">
    <subfield code="a">616.07572</subfield>
    <subfield code="2">22</subfield>
    <subfield code="b">HJC</subfield>
  </datafield>
  <datafield tag="100" ind1="1" ind2=" ">
    <subfield code="a">Hsieh, Jiang.</subfield>
    <subfield code="9">64543</subfield>
  </datafield>
  <datafield tag="245" ind1="1" ind2="0">
    <subfield code="a">Computed tomography :</subfield>
    <subfield code="b">principles, design, artifacts, and recent advances /</subfield>
    <subfield code="c">Jiang Hsieh.</subfield>
  </datafield>
  <datafield tag="250" ind1=" " ind2=" ">
    <subfield code="a">2nd ed.</subfield>
  </datafield>
  <datafield tag="260" ind1=" " ind2=" ">
    <subfield code="a">Hoboken, N.J. :</subfield>
    <subfield code="b">Wiley Interscience ;</subfield>
    <subfield code="a">Bellingham, Wash. :</subfield>
    <subfield code="b">SPIE Press,</subfield>
    <subfield code="c">c2009.</subfield>
  </datafield>
  <datafield tag="300" ind1=" " ind2=" ">
    <subfield code="a">xiv, 556 p. :</subfield>
    <subfield code="b">ill. ;</subfield>
    <subfield code="c">26 cm.</subfield>
  </datafield>
  <datafield tag="504" ind1=" " ind2=" ">
    <subfield code="a">Includes bibliographical references and index.</subfield>
  </datafield>
  <datafield tag="505" ind1="0" ind2=" ">
    <subfield code="a">1.  Introduction -- Conventional X-ray Tomography -- History of Computed Tomography -- Different Generations of CT Scanners.</subfield>
  </datafield>
  <datafield tag="505" ind1="8" ind2=" ">
    <subfield code="a">2.  Preliminaries -- Mathematics Fundamentals -- Fundamentals of X-ray Physics -- Measurement of Line Integrals and Data Conditioning -- Sampling Geometry and Sinogram.</subfield>
  </datafield>
  <datafield tag="505" ind1="8" ind2=" ">
    <subfield code="a">3.  Image Reconstruction -- Introduction -- Several Approaches to Image Reconstruction -- The Fourier Slice Theorem -- The Filtered Backprojection Algorithm -- Fan-Beam Reconstruction -- Iterative Reconstruction.</subfield>
  </datafield>
  <datafield tag="505" ind1="8" ind2=" ">
    <subfield code="a">4.  Image Presentation -- CT Image Display -- Volume Visualization -- Impact of Visualization Tools.</subfield>
  </datafield>
  <datafield tag="505" ind1="8" ind2=" ">
    <subfield code="a">5.  Key Performance Parameters of the CT Scanner -- High-Contrast Spatial Resolution -- Low-Contrast Resolution -- Temporal Resolution -- CT Number Accuracy and Noise -- Performance of the Scanogram.</subfield>
  </datafield>
  <datafield tag="505" ind1="8" ind2=" ">
    <subfield code="a">6.  Major Components of the CT Scanner -- System Overview -- The X-ray Tube and High-Voltage Generator -- The X-ray Detector and Data-Acquisition Electronics -- The Gantry and Slip Ring -- Collimation and Filtration -- The Reconstruction Engine.</subfield>
  </datafield>
  <datafield tag="505" ind1="8" ind2=" ">
    <subfield code="a">7.  Image Artifacts: Appearances, Causes, and Corrections -- What Is an Image Artifact? -- Different Appearances of Image Artifacts -- Artifacts Related to System Design -- Artifacts Related to X-ray Tubes -- Detector-induced Artifacts -- Patient-induced Artifacts -- Operator-induced Artifacts.</subfield>
  </datafield>
  <datafield tag="505" ind1="8" ind2=" ">
    <subfield code="a">8.  Computer Simulation and Analysis -- What Is Computer Simulation? -- Simulation Overview -- Simulation of Optics -- Computer Simulation of Physics-related Performance.</subfield>
  </datafield>
  <datafield tag="505" ind1="8" ind2=" ">
    <subfield code="a">9.  Helical or Spiral CT -- Introduction -- Terminology and Reconstruction -- Slice Sensitivity Profile and Noise -- Helically Related Image Artifacts.</subfield>
  </datafield>
  <datafield tag="505" ind1="8" ind2=" ">
    <subfield code="a">10.  Multislice CT -- The Need for Multislice CT -- Detector Configurations of Multislice CT -- Nonhelical Mode of Reconstruction -- Multislice Helical Reconstruction -- Multislice Artifacts.</subfield>
  </datafield>
  <datafield tag="505" ind1="8" ind2=" ">
    <subfield code="a">11.  X-ray Radiation and Dose-Reduction Techniques -- Biological Effects of X-ray Radiation -- Measurement of X-ray dose -- Methodologies for Dose Reduction.</subfield>
  </datafield>
  <datafield tag="505" ind1="8" ind2=" ">
    <subfield code="a">12.  Advanced CT Applications -- Introduction -- Cardiac Imaging -- CT Fluoroscopy -- CT Perfusion -- Screening and Quantitative CT -- Dual-Energy CT.</subfield>
  </datafield>
  <datafield tag="650" ind1=" " ind2="0">
    <subfield code="a">Tomography.</subfield>
    <subfield code="9">64544</subfield>
  </datafield>
  <datafield tag="650" ind1="1" ind2="2">
    <subfield code="a">Tomography, X-Ray Computed.</subfield>
    <subfield code="9">64545</subfield>
  </datafield>
  <datafield tag="650" ind1="2" ind2="2">
    <subfield code="a">Tomography Scanners, X-Ray Computed</subfield>
    <subfield code="x">trends.</subfield>
    <subfield code="9">64546</subfield>
  </datafield>
  <datafield tag="650" ind1="2" ind2="2">
    <subfield code="a">Tomography, X-Ray Computed</subfield>
    <subfield code="x">instrumentation.</subfield>
    <subfield code="9">64533</subfield>
  </datafield>
  <datafield tag="650" ind1="2" ind2="2">
    <subfield code="a">Tomography, X-Ray Computed</subfield>
    <subfield code="x">trends.</subfield>
    <subfield code="9">64547</subfield>
  </datafield>
  <datafield tag="710" ind1="2" ind2=" ">
    <subfield code="a">SPIE (Society)</subfield>
    <subfield code="9">64548</subfield>
  </datafield>
  <datafield tag="856" ind1="4" ind2="1">
    <subfield code="3">Table of contents only</subfield>
    <subfield code="u">http://www.loc.gov/catdir/enhancements/fy1009/2009004797-t.html</subfield>
  </datafield>
  <datafield tag="856" ind1="4" ind2="2">
    <subfield code="3">Publisher description</subfield>
    <subfield code="u">http://www.loc.gov/catdir/enhancements/fy1009/2009004797-d.html</subfield>
  </datafield>
  <datafield tag="856" ind1="4" ind2="2">
    <subfield code="3">Contributor biographical information</subfield>
    <subfield code="u">http://www.loc.gov/catdir/enhancements/fy1604/2009004797-b.html</subfield>
  </datafield>
  <datafield tag="942" ind1=" " ind2=" ">
    <subfield code="c">BOOK</subfield>
  </datafield>
  <datafield tag="906" ind1=" " ind2=" ">
    <subfield code="a">7</subfield>
    <subfield code="b">cbc</subfield>
    <subfield code="c">orignew</subfield>
    <subfield code="d">1</subfield>
    <subfield code="e">ecip</subfield>
    <subfield code="f">20</subfield>
    <subfield code="g">y-gencatlg</subfield>
  </datafield>
  <datafield tag="999" ind1=" " ind2=" ">
    <subfield code="c">42680</subfield>
    <subfield code="d">312300</subfield>
  </datafield>
  <datafield tag="952" ind1=" " ind2=" ">
    <subfield code="1">0</subfield>
    <subfield code="2">2018-08-29</subfield>
    <subfield code="4">0</subfield>
    <subfield code="7">0</subfield>
    <subfield code="a">616.07572 HJC</subfield>
    <subfield code="d">2018-08-29</subfield>
    <subfield code="h">CL</subfield>
    <subfield code="i">00657520</subfield>
    <subfield code="m">CL</subfield>
    <subfield code="r">2018-08-29 00:00:00</subfield>
    <subfield code="t">BOOK</subfield>
    <subfield code="w">ddc</subfield>
    <subfield code="y">0</subfield>
  </datafield>
  <datafield tag="952" ind1=" " ind2=" ">
    <subfield code="1">0</subfield>
    <subfield code="2">2018-08-29</subfield>
    <subfield code="4">0</subfield>
    <subfield code="7">0</subfield>
    <subfield code="a">616.07572 HJC</subfield>
    <subfield code="d">2018-08-29</subfield>
    <subfield code="h">CL</subfield>
    <subfield code="i">00657521</subfield>
    <subfield code="m">CL</subfield>
    <subfield code="r">2018-08-29 00:00:00</subfield>
    <subfield code="t">BOOK</subfield>
    <subfield code="w">ddc</subfield>
    <subfield code="y">0</subfield>
  </datafield>
  <datafield tag="952" ind1=" " ind2=" ">
    <subfield code="1">0</subfield>
    <subfield code="2">2018-08-29</subfield>
    <subfield code="4">0</subfield>
    <subfield code="7">0</subfield>
    <subfield code="a">616.07572 HJC</subfield>
    <subfield code="d">2018-08-29</subfield>
    <subfield code="h">CL</subfield>
    <subfield code="i">00657522</subfield>
    <subfield code="m">CL</subfield>
    <subfield code="r">2018-08-29 00:00:00</subfield>
    <subfield code="t">BOOK</subfield>
    <subfield code="w">ddc</subfield>
    <subfield code="y">0</subfield>
  </datafield>
  <datafield tag="952" ind1=" " ind2=" ">
    <subfield code="1">0</subfield>
    <subfield code="2">2018-09-04</subfield>
    <subfield code="4">0</subfield>
    <subfield code="7">0</subfield>
    <subfield code="a">616.07572 HJC</subfield>
    <subfield code="d">2018-09-04</subfield>
    <subfield code="h">AMF</subfield>
    <subfield code="i">00657717</subfield>
    <subfield code="m">AMF</subfield>
    <subfield code="r">2018-09-04 00:00:00</subfield>
    <subfield code="t">BOOK</subfield>
    <subfield code="w">ddc</subfield>
    <subfield code="y">0</subfield>
  </datafield>
  <datafield tag="952" ind1=" " ind2=" ">
    <subfield code="1">0</subfield>
    <subfield code="2">2018-09-04</subfield>
    <subfield code="4">0</subfield>
    <subfield code="7">0</subfield>
    <subfield code="a">616.07572 HJC</subfield>
    <subfield code="d">2018-09-04</subfield>
    <subfield code="h">AMF</subfield>
    <subfield code="i">00657718</subfield>
    <subfield code="m">AMF</subfield>
    <subfield code="r">2018-09-04 00:00:00</subfield>
    <subfield code="t">BOOK</subfield>
    <subfield code="w">ddc</subfield>
    <subfield code="y">0</subfield>
  </datafield>
</record>
